| 000 | 02329nam0a2200517 4500 | ||
|---|---|---|---|
| 001 | RU\NLR\bibl\1254328 | ||
| 005 | 20250615125018.0 | ||
| 010 |
_a978-5-88086-735-6 _bв пер. _d200.00 р. _91000 |
||
| 021 |
_aRU _b2008-38957 _92146 |
||
| 035 | _a(nilc)EL/0000205321 | ||
| 035 | _aRU/Архангельская ОНБ/DOLIB/103129 | ||
| 035 | _a(NLR Aleph) 001240385 | ||
| 090 |
_a255071 _c255071 |
||
| 100 | _a20080716d2007 |||y0rusy50 ca | ||
| 101 | 0 | _arus | |
| 102 | _aRU | ||
| 105 | _aa ||||||||| | ||
| 200 | 1 |
_aГулаг на Европейском Севере России: генезис, эволюция, распад _fН. В. Упадышев _gФедер. агентство по образованию, Гос. образоват. учреждение высш. проф. образования "Помор. гос. ун-т им. М.В. Ломоносова" |
|
| 210 |
_aАрхангельск _cПоморский университет _d2007 |
||
| 215 |
_a323 с. _cил., табл. _d21 |
||
| 320 | _aБиблиогр. в конце гл. | ||
| 601 | 0 | 1 |
_aСССР _bГлавное управление исправительно-трудовых лагерей и мест заключения _xИстория _yСеверный край _92517120 _3RU\NLR\auth\661491815 |
| 610 | 1 | _aАрхангельская область | |
| 610 | 1 | _aВологодская область | |
| 610 | 1 | _aКоми АССР | |
| 610 | 1 | _aкулаки | |
| 610 | 1 | _aдепортация | |
| 610 | 1 | _aспецпереселенцы | |
| 610 | 1 | _aправовое положение | |
| 610 | 1 | _aполяки | |
| 610 | 1 | _aэкономика регионов | |
| 610 | 1 | _aпенитенциарные учреждения | |
| 686 |
_a03.23.55 _2rugasnti |
||
| 686 |
_a63.3(235.1)6-49 _vLBC/PL _2rubbk |
||
| 686 |
_a63.3(2)6-49 _vLBC/PL _2rubbk |
||
| 686 | _aТ3(2)7-3 | ||
| 686 | _aТ3(2Р31)7 | ||
| 700 | 1 |
_aУпадышев _bН. В. _gНиколай Васильевич _4070 |
|
| 801 | 0 |
_aRU _bАрхангельская ОНБ _c20080716 _gPSBO |
|
| 801 | 1 |
_aRU _bАрхангельская ОНБ _c20080716 _gPSBO |
|
| 801 | 3 |
_aRU _bАрхангельская ОНБ _c20080716 _gPSBO |
|
| 801 | 2 |
_aRU _bNLR _c20080721 _grcr |
|
| 942 | _cBOOK | ||
| 980 | _aNB | ||
| 980 | _aNBR | ||